000 00736cam a22002171 4500
001 e 10001219
003 DLC
005 20260227111153.0
008 861028s1890 nyuf 000 0 eng c
010 _ae 10001219
035 _a(OCoLC)14558566
040 _aLibrary, U.S. Bur. of Education
_cMiD
_dDLC
042 _apremarc
050 0 0 _aLE3.K62
_bH5
100 1 _aHind, Henry Youle,
_d1823-1908.
245 0 4 _aThe University of King's College, Windsor, Nova Scotia,
_b1790-1890,
_cby Henry Youle Hind, M.A.
260 _aNew York,
_bThe Church Review Company,
_c1890.
300 _a119 p.
_bfront., pl.
_c25 cm.
500 _aHalf-title: Centennial celebration, 1790-1890.
610 1 0 _aWindsor, N.S.
_bUniversity of King's College.
999 _c19010
_d19010